| 000 | 00561nam a2200181 a 4500 | ||
|---|---|---|---|
| 001 | 3762 | ||
| 003 | CDMR | ||
| 005 | 20131213134709.0 | ||
| 008 | 130130s1969||||||||||||||||||||||||||||d | ||
| 040 |
_aCDMR _bcat _cCDMR |
||
| 100 | 1 |
_aLarra, Mariano José de _92357 |
|
| 245 | 1 | 0 |
_aVuelva usted mañana y otros artículos _cMariano José de Larra ; prólogo de Carlos Seco |
| 260 |
_aMadrid _c1969 _bSalvat |
||
| 300 | _a189 p. | ||
| 490 | 0 |
_aBiblioteca Básica Salvat de Libros RTV _v7 |
|
| 600 | 1 |
_92357 _aLarra, Mariano José de _vRecull d'escrits |
|
| 942 |
_cMON _2udc |
||
| 999 |
_c3762 _d3762 |
||